Hợp tuyển văn học châu Âu
Đã lưu trong:
| Formáid: | Leabhar |
|---|---|
| Teanga: | Undetermined |
| Foilsithe: |
Hà Nội
ĐHQG
2002
|
| Ábhair: | |
| Clibeanna: |
Cuir Clib Leis
Gan Chlibeanna, Bí ar an gcéad duine leis an taifead seo a chlibeáil!
|
| Thư viện lưu trữ: | Trung tâm Học liệu Trường Đại học Cần Thơ |
|---|
| LEADER | 00446nam a2200169Ia 4500 | ||
|---|---|---|---|
| 001 | CTU_49036 | ||
| 008 | 210402s9999 xx 000 0 und d | ||
| 082 | |a 808.89 | ||
| 082 | |b H466/T1 | ||
| 245 | 0 | |a Hợp tuyển văn học châu Âu | |
| 260 | |a Hà Nội | ||
| 260 | |b ĐHQG | ||
| 260 | |c 2002 | ||
| 650 | |a european literature | ||
| 650 | |x collections | ||
| 904 | |i Minh | ||
| 980 | |a Trung tâm Học liệu Trường Đại học Cần Thơ | ||